| 000 | 01112nam a22002297a 4500 | ||
|---|---|---|---|
| 999 |
_c60603 _d60603 |
||
| 003 | Ge_BSU | ||
| 005 | 20230918115103.0 | ||
| 008 | 230918s2010 ge ||||| |||| 00| 0 geo d | ||
| 020 | _a9789941018374 | ||
| 041 | _ageo | ||
| 080 | _a336.14(075.8) კ-17 | ||
| 100 |
_aკაკულია, რევაზ _9751 |
||
| 245 |
_aსაჯარო ფინანსები : _b (სახელმძღვ.) / _cრევაზ კაკულია, ლელა ბახტაძე, ამირან ჯიბუტი; [რედ. ელგუჯა მექვაბიშვილი]; თსუ. |
||
| 264 |
_aთბილისი, _c2010. |
||
| 300 |
_a417გვ. : _b20სმ. |
||
| 653 | _a საჯარო ფინანსები | ||
| 653 | _aსახელმწიფო ბიუჯეტი | ||
| 700 |
_aბახტაძე, ლელა _eავტორი _919833 |
||
| 700 |
_aჯიბუტი, ამირან _eავტორი _9911 |
||
| 700 |
_aმექვაბიშვილი, ელგუჯა _eრედაქტორი _919834 |
||
| 942 |
_2udc _cBK |
||